Las Calles /
Descripción Física:
Il·lustracions
Colección:
San Jorge,
; núm. 17 (gener 1955), pàg. 10-11
Materias:
Contes
Idioma:
Español
MARC
| LEADER | 00000naa a2200000 a 4500 | ||
|---|---|---|---|
| 003 | Arxiu | ||
| 005 | 20260324181034.0 | ||
| 008 | 160829s1955 spcaxx s spa c | ||
| 040 | |a AGDB | ||
| 100 | |a Romero, Luis |9 29600 | ||
| 245 | 1 | 0 | |a Las Calles / |c Luis Romero |
| 300 | |b Il·lustracions | ||
| 490 | |a San Jorge, |v núm. 17 (gener 1955), pàg. 10-11 | ||
| 650 | 0 | |a Contes |9 49567 |2 Arxiu | |
| 773 | |g Núm. 17 (gener 1955), pàg. 10-11 |t San Jorge. | ||
| 901 | |a Arxiu | ||
| 942 | |n 1 |2 udc |c ART | ||
| 952 | |0 0 |1 0 |4 0 |6 REV510 |7 1 |9 65170 |a Arxiu |b Arxiu |d 2023-01-31 |l 0 |o Rev-510 |r 2023-01-31 00:00:00 |w 2023-01-31 |y ARXIU |z També disponible a Rev-524 | ||
| 999 | |c 48175 |d 48175 | ||